Pays coupe du monde U17 - Statistiques

Statistiques générales
  • Ce quiz a été pris 39 fois
  • Le résultat moyen est 66 sur 88
Statistiques - réponses
Participation Confédération Pays % Correct
14 COMMEBOL Argentine
100%
17 COMMEBOL Brésil
100%
4 UEFA Angleterre
97%
7 UEFA France
97%
9 AFC Japon
97%
14 CONCACAF Mexique
97%
1 CAF Sénégal
97%
1 CAF Algérie
95%
9 UEFA Allemagne
95%
13 AFC/OFC Australie
95%
6 AFC Chine
95%
6 AFC Corée du Sud
95%
17 CONCACAF Etats-Unis
95%
1 CAF Maroc
95%
1 CAF Afrique du sud
92%
2 UEFA Belgique
92%
2 CAF Egypte
92%
8 UEFA Italie
92%
1 CAF Niger
92%
7 CONCACAF Canada
89%
6 COMMEBOL Colombie
89%
3 CAF Congo
89%
10 CONCACAF Costa Rica
89%
10 UEFA Espagne
89%
12 CAF Nigeria
89%
9 OFC Nouvelle Zélande
89%
4 UEFA Pays bas
89%
3 UEFA Portugal
89%
2 UEFA Russie
89%
1 UEFA Suède
89%
3 AFC Arabie Saoudite
86%
2 CAF Cameroun
86%
5 COMMEBOL Chili
86%
4 AFC Iran
86%
1 UEFA Suisse
86%
3 CAF Tunisie
86%
6 COMMEBOL Uruguay
86%
2 UEFA Autriche
84%
4 CAF Cote d'Ivoire
84%
5 COMMEBOL Equateur
84%
5 CAF Mali
84%
5 COMMEBOL Paraguay
84%
2 COMMEBOL Perou
84%
2 UEFA Pologne
84%
7 AFC Qatar
84%
1 COMMEBOL Venezuela
84%
5 AFC Corée du Nord
81%
1 AFC Inde
81%
3 UEFA Turquie
81%
3 UEFA Croatie
78%
5 CONCACAF Honduras
78%
1 UEFA Republique Tchèque
78%
1 UEFA Danemark
76%
1 UEFA Ecosse
76%
9 CAF Ghana
76%
5 CAF Guinée
76%
2 AFC Irak
76%
2 COMMEBOL Bolivie
73%
2 CONCACAF Cuba
73%
1 UEFA Slovaquie
73%
1 UEFA Finlande
70%
2 UEFA Hongrie
70%
2 CONCACAF Panama
70%
1 CAF Angola
68%
2 CONCACAF Jamaique
68%
3 AFC Emirats Arabes Unis
65%
3 AFC Oman
65%
2 CONCACAF Haiti
62%
1 CAF Togo
62%
1 CAF Soudan
59%
2 AFC Syrie
59%
2 AFC Thailande
59%
1 AFC Yemen
57%
4 CAF Burkina Faso
51%
2 CAF Gambie
51%
1 UEFA Union soviétique
49%
2 AFC Ouzbekistan
46%
1 UEFA Tchecoslovaquie
46%
1 UEFA Allemagne de l'Ouest
43%
2 CONCACAF Trinité et Tobago
43%
2 AFC Bahrein
41%
1 CAF Sierra leone
41%
1 UEFA Allemagne de l'Est
32%
1 CAF Rwanda
32%
1 CAF Malawi
30%
1 OFC Nouvelle Calédonie
27%
1 OFC Salomon
22%
2 AFC Tadjikistan
19%
Aucun quiz correspondant
Distribution des résultats
% des personnes avec chaque résultat
Percentile par nombre de réponses
Votre historique - résultats
Vous n’avez pas pris ce quiz